书目信息 |
| 题名: |
人杰地灵的古镇古街
|
|
| 作者: | 胡元斌 编著 | |
| 分册: | ||
| 出版信息: | 北京 现代出版社 2018 |
|
| 页数: | 470页 | |
| 开本: | 24cm | |
| 丛书名: | 中华文化大博览丛书 | |
| 单 册: | ||
| 中图分类: | K928.5 | |
| 科图分类: | ||
| 主题词: | 乡镇--xiang zhen--介绍--中国 | |
| 电子资源: | ||
| ISBN: | 978-7-5143-6452-1 | |
| 000 | 00976nam 2200265 45 | |
| 001 | 012001009848 | |
| 005 | 20140101095003.0 | |
| 010 | @a978-7-5143-6452-1@dCNY128.00 | |
| 099 | @aCAL 012018106931 | |
| 100 | @a20180907d2018 em y0chiy50 ea | |
| 101 | 0 | @achi |
| 102 | @aCN@b110000 | |
| 105 | @aa z 000yy | |
| 106 | @ar | |
| 200 | 1 | @a人杰地灵的古镇古街@Aren jie di ling de gu zhen gu jie@f胡元斌编著 |
| 210 | @a北京@c现代出版社@d2018 | |
| 215 | @a470页@c彩图@d24cm | |
| 225 | 2 | @a中华文化大博览丛书@Azhong hua wen hua da bo lan cong shu |
| 330 | @a本书主要包括:巧夺天工的古建杰作、承载历史的文化遗迹、人杰地灵的物华天宝、千年奇观的名胜古迹、天地精华的自然美景、纯朴浓郁的民风习俗等,充分显示了中华民族厚重的文化底蕴和强大的民族凝聚力。 | |
| 410 | 0 | @12001 @a中华文化大博览丛书 |
| 606 | 0 | @a乡镇@Axiang zhen@x介绍@y中国 |
| 690 | @aK928.5@v5 | |
| 701 | 0 | @a胡元斌@Ahu yuan bin@4编著 |
| 801 | 0 | @aCN@b上海新华@c20191020 |
| 905 | @b1189698-9@dK928.5@e1165@f2 | |
| 人杰地灵的古镇古街/胡元斌编著.-北京:现代出版社,2018 |
| 470页:彩图;24cm.-(中华文化大博览丛书) |
| ISBN 978-7-5143-6452-1:CNY128.00 |
| 本书主要包括:巧夺天工的古建杰作、承载历史的文化遗迹、人杰地灵的物华天宝、千年奇观的名胜古迹、天地精华的自然美景、纯朴浓郁的民风习俗等,充分显示了中华民族厚重的文化底蕴和强大的民族凝聚力。 |
| ● |
| 相关链接 |
|
|
|
|
正题名:人杰地灵的古镇古街
索取号:K928.5/1165
 
预约/预借
| 序号 | 登录号 | 条形码 | 馆藏地/架位号 | 状态 | 备注 |
| 1 | 1189698 | 211896983 | 第二样本阅览室/ [索取号:K928.5/1165] | 在馆 | |
| 2 | 1189699 | 211896992 | 第二借阅区/ [索取号:K928.5/1165] | 在馆 |